[Event "24th Klatovy B 2016"]
[Site "Klatovy CZE"]
[Date "2016.07.05"]
[Round "4.32"]
[White "Svejdar, Pavel"]
[Black "Vavrinkova, Jitka"]
[Result "1/2-1/2"]
[WhiteElo "1544"]
[BlackElo "1625"]
[PlyCount "57"]
[EventDate "2016.07.02"]
[EventType "swiss"]
[EventRounds "9"]
[EventCountry "CZE"]

1. e4 e6 2. Nf3 d5 3. exd5 exd5 4. d4 Nc6 5. Bb5 Nf6 6. Bg5 Be7 7. h3 O-O 8. O-O Bf5 9. a3 Ne4 10. Bxe7 Nxe7 11. Nbd2 Nd6 12. Ba4 Ng6 13. Re1 c6 14. c3 Qf6 15. Bc2 Rfe8 16. Bxf5 Nxf5 17. Qa4 Rf8 18. Ne5 Nxe5 19. Rxe5 Qg6 20. Nf3 f6 21. Re2 Nd6 22. Re7 Rf7 23. Rxf7 Kxf7 24. Re1 Ne4 25. Qb3 Rb8 26. Re2 Kf8 27. Qb4+ Kg8 28. Qb3 Qf7 29. Qc2 1/2-1/2

[Event "24th Klatovy B 2016"]
[Site "Klatovy CZE"]
[Date "2016.07.05"]
[Round "4.33"]
[White "Dolejs, Jakub"]
[Black "Nemec, Frantisek 1985"]
[Result "1/2-1/2"]
[WhiteElo "1086"]
[BlackElo "1614"]
[PlyCount "51"]
[EventDate "2016.07.02"]
[EventType "swiss"]
[EventRounds "9"]
[EventCountry "CZE"]

1. d4 Nf6 2. c4 e6 3. Nc3 b6 4. Bg5 Bb7 5. e3 Bb4 6. Nf3 Bxc3+ 7. bxc3 d6 8. Bd3 Nbd7 9. O-O h6 10. Bh4 Qe7 11. Bc2 g5 12. Bg3 Nh5 13. Rb1 Nxg3 14. fxg3 c5 15. Re1 O-O-O 16. e4 Qf6 17. Qd3 e5 18. d5 h5 19. Rf1 Qg7 20. h4 gxh4 21. gxh4 Rdg8 22. Qe2 Ba6 23. Bd3 f6 24. Rf2 Kc7 25. a4 Rb8 26. Kh2 1/2-1/2

[Event "24th Klatovy B 2016"]
[Site "Klatovy CZE"]
[Date "2016.07.05"]
[Round "4.34"]
[White "Spackova, Martina 1992"]
[Black "Vavrinkova, Anna"]
[Result "1/2-1/2"]
[WhiteElo "1731"]
[BlackElo "1364"]
[PlyCount "36"]
[EventDate "2016.07.02"]
[EventType "swiss"]
[EventRounds "9"]
[EventCountry "CZE"]

1. e4 d5 2. exd5 Qxd5 3. Nc3 Qd6 4. d4 Nf6 5. Be2 Nc6 6. Nf3 Bg4 7. O-O O-O-O 8. Nb5 Qd7 9. c3 e6 10. Qc2 a6 11. Na3 h6 12. Nc4 Bf5 13. Bd3 Bxd3 14. Qxd3 Bd6 15. Qe2 Rhe8 16. Nce5 Bxe5 17. Nxe5 Nxe5 18. dxe5 Nd5 1/2-1/2

[Event "24th Klatovy B 2016"]
[Site "Klatovy CZE"]
[Date "2016.07.05"]
[Round "4.35"]
[White "Kotal, Vit"]
[Black "Parpel, Petr"]
[Result "0-1"]
[WhiteElo "1292"]
[BlackElo "1787"]
[PlyCount "60"]
[EventDate "2016.07.02"]
[EventType "swiss"]
[EventRounds "9"]
[EventCountry "CZE"]

1. e4 c5 2. Nf3 d6 3. d4 cxd4 4. Nxd4 Nf6 5. Nc3 a6 6. Bc4 e6 7. Be3 Be7 8. Qd2 Qc7 9. Bb3 Nc6 10. Nxc6 bxc6 11. O-O-O O-O 12. f3 c5 13. a3 Bb7 14. h4 Rfd8 15. g4 d5 16. exd5 c4 17. Ba2 Nxd5 18. Nxd5 Bxd5 19. Qf2 Qb7 20. c3 Bxf3 21. Rxd8+ Rxd8 22. Rf1 Bxg4 23. Qxf7+ Kh8 24. Bd4 Rg8 25. Rg1 Bg5+ 26. hxg5 Qxf7 27. Rxg4 Qf1+ 28. Kd2 Qd3+ 29. Ke1 Rf8 30. Bxc4 Rf1# 0-1

[Event "24th Klatovy B 2016"]
[Site "Klatovy CZE"]
[Date "2016.07.05"]
[Round "4.36"]
[White "Sroub, Jaroslav"]
[Black "Stanke, Vilem"]
[Result "1-0"]
[WhiteElo "1730"]
[BlackElo "1200"]
[PlyCount "51"]
[EventDate "2016.07.02"]
[EventType "swiss"]
[EventRounds "9"]
[EventCountry "CZE"]

1. Nf3 Nc6 2. g3 e5 3. d3 d5 4. Bg2 Nf6 5. O-O Bc5 6. Nbd2 Ng4 7. e4 Nxf2 8. Rxf2 Bxf2+ 9. Kxf2 O-O 10. exd5 Qxd5 11. Nf1 Bg4 12. Ne3 Bxf3 13. Bxf3 Qc5 14. Kf1 Rad8 15. Nc4 b5 16. Be3 Nd4 17. Na3 b4 18. Nc4 f5 19. c3 Rfe8 20. cxd4 exd4 21. Bf4 Re6 22. Qb3 Qe7 23. Ne5 Kh8 24. Nc6 Rxc6 25. Bxc6 g5 26. Re1 1-0

[Event "24th Klatovy B 2016"]
[Site "Klatovy CZE"]
[Date "2016.07.05"]
[Round "4.37"]
[White "Stvan, Marek"]
[Black "Stanke, Petr"]
[Result "1-0"]
[WhiteElo "1679"]
[BlackElo "1239"]
[PlyCount "41"]
[EventDate "2016.07.02"]
[EventType "swiss"]
[EventRounds "9"]
[EventCountry "CZE"]

1. e4 e6 2. d4 d5 3. e5 c5 4. c3 Nc6 5. Nf3 Bd7 6. Bd3 Qb6 7. Bc2 f6 8. exf6 Nxf6 9. O-O Bd6 10. b3 O-O 11. Bb2 Rae8 12. Nbd2 e5 13. dxe5 Nxe5 14. Nxe5 Bxe5 15. Nf3 Bc7 16. Ba3 Ng4 17. Qxd5+ Kh8 18. Qxd7 Nf6 19. Qd3 Rd8 20. Qc4 Nh5 21. Bxc5 1-0

[Event "24th Klatovy B 2016"]
[Site "Klatovy CZE"]
[Date "2016.07.05"]
[Round "4.38"]
[White "Krisman, Ondrej"]
[Black "Palla, Marek"]
[Result "1-0"]
[WhiteElo "1608"]
[BlackElo "1191"]
[PlyCount "35"]
[EventDate "2016.07.02"]
[EventType "swiss"]
[EventRounds "9"]
[EventCountry "CZE"]

1. e4 e6 2. d4 d5 3. Nc3 Nc6 4. e5 Bb4 5. a3 Ba5 6. Qg4 g6 7. Bd3 Nge7 8. b4 Bb6 9. Nf3 Nf5 10. Ne2 O-O 11. O-O Bd7 12. c4 a6 13. c5 Ba7 14. Bg5 Qc8 15. Qh3 b6 16. Bf6 h5 17. g4 hxg4 18. Qh8# 1-0

[Event "24th Klatovy B 2016"]
[Site "Klatovy CZE"]
[Date "2016.07.05"]
[Round "4.39"]
[White "Schille, Steffen"]
[Black "Novy, Jan"]
[Result "0-1"]
[WhiteElo "1566"]
[BlackElo "1606"]
[PlyCount "86"]
[EventDate "2016.07.02"]
[EventType "swiss"]
[EventRounds "9"]
[EventCountry "CZE"]

1. d4 e5 2. dxe5 Nc6 3. Bf4 Qe7 4. Nf3 Qb4+ 5. Bd2 Qxb2 6. Bc3 Bb4 7. Nbd2 Qxc3 8. Rb1 Ba5 9. Rb3 Qc5 10. e3 a6 11. Bd3 Nxe5 12. Nxe5 Qxe5 13. O-O Bxd2 14. Qxd2 Nf6 15. Qb4 c5 16. Qh4 O-O 17. Rb6 d6 18. f4 Qxe3+ 19. Kh1 Qd4 20. Rd1 Kh8 21. Rbb1 h6 22. Be2 Qa4 23. Rxd6 Be6 24. h3 b5 25. Bd3 Rad8 26. Rc6 Rc8 27. Rd6 Rfd8 28. Rb6 Nd5 29. Rc6 Qxf4 30. Qxf4 Nxf4 31. Rxa6 Nxd3 32. cxd3 b4 33. a4 bxa3 34. Rxa3 c4 35. dxc4 Rxc4 36. Ra7 Rc2 37. Ra5 Rdd2 38. Rg1 Bd5 39. Rxd5 Rxd5 40. Kh2 Rd3 41. Rf1 f6 42. Rf4 h5 43. Rh4 Rdd2 0-1

[Event "24th Klatovy B 2016"]
[Site "Klatovy CZE"]
[Date "2016.07.05"]
[Round "4.40"]
[White "Tomascik, Petr"]
[Black "Kotal, Petr"]
[Result "1-0"]
[WhiteElo "1484"]
[BlackElo "1558"]
[PlyCount "82"]
[EventDate "2016.07.02"]
[EventType "swiss"]
[EventRounds "9"]
[EventCountry "CZE"]

1. d4 d5 2. c4 e6 3. cxd5 exd5 4. Nc3 c6 5. e3 Nf6 6. Bd3 Bd6 7. Nge2 Nbd7 8. a3 Nb6 9. Bd2 O-O 10. Ng3 Nc4 11. Bc1 Bc7 12. b3 Nd6 13. Nce2 Re8 14. Bd2 a6 15. Rc1 Nfe4 16. b4 Qf6 17. O-O Qh4 18. Nf4 Nf5 19. Nxe4 dxe4 20. Be2 Qh6 21. g3 Nh4 22. gxh4 Qxh4 23. Kh1 Re6 24. Rg1 Rh6 25. Rg2 Kf8 26. Qg1 g6 27. Be1 Bxf4 28. exf4 Qxf4 29. Rc2 Be6 30. Bc4 Bh3 31. Rg3 e3 32. Be2 Qxd4 33. Rc4 Qb2 34. Rxe3 Be6 35. Rf4 Re8 36. Qg5 Bd5+ 37. Kg1 Rh3 38. Rxh3 Qxe2 39. Qh6+ Ke7 40. Re3+ Kd7 41. Rxe2 Rxe2 1-0

[Event "24th Klatovy B 2016"]
[Site "Klatovy CZE"]
[Date "2016.07.05"]
[Round "4.41"]
[White "Mikes, Vlastislav 1983"]
[Black "Jedlicka, Pavel"]
[Result "0-1"]
[WhiteElo "1472"]
[BlackElo "1548"]
[PlyCount "90"]
[EventDate "2016.07.02"]
[EventType "swiss"]
[EventRounds "9"]
[EventCountry "CZE"]

1. e4 c6 2. d4 d6 3. Nf3 Bg4 4. h3 Bh5 5. c4 Nd7 6. Nc3 e5 7. Be3 Ngf6 8. g4 Bg6 9. Nd2 exd4 10. Bxd4 h5 11. g5 Nh7 12. f4 f5 13. Qc2 Qe7 14. O-O-O fxe4 15. Ndxe4 O-O-O 16. Bd3 c5 17. Bf2 Nb6 18. Nxc5 Bxd3 19. Nxd3 Qc7 20. b3 a6 21. Rhe1 Be7 22. Bxb6 Qxb6 23. Rxe7 Nf8 24. Nd5 Qa7 25. c5 Kb8 26. cxd6 Rc8 27. Rc7 Ne6 28. Kd2 Nxc7 29. dxc7+ Ka8 30. Ne7 Qb6 31. Nxc8 Rxc8 32. Qc5 Qe6 33. Nf2 Qf7 34. Ke3 Qe6+ 35. Qe5 Qb6+ 36. Qd4 Re8+ 37. Ne4 Qxc7 38. Qd6 Qc3+ 39. Rd3 Qe1+ 40. Kf3 Qxe4+ 41. Kg3 Qe1+ 42. Kf3 Qf1+ 43. Kg3 Qe1+ 44. Kf3 Qh4 45. Kg2 Re2+ 0-1

[Event "24th Klatovy B 2016"]
[Site "Klatovy CZE"]
[Date "2016.07.05"]
[Round "4.42"]
[White "Filip, Petr 1952"]
[Black "Kovar, Michal"]
[Result "1-0"]
[WhiteElo "1353"]
[BlackElo "1479"]
[PlyCount "71"]
[EventDate "2016.07.02"]
[EventType "swiss"]
[EventRounds "9"]
[EventCountry "CZE"]

1. d4 Nf6 2. Nf3 g6 3. Bf4 Bg7 4. Nc3 d5 5. e3 a6 6. Bd3 O-O 7. h3 Nc6 8. Ne2 Nb4 9. Ne5 Nxd3+ 10. Nxd3 Bf5 11. Ne5 c6 12. Ng3 Be4 13. f3 Bf5 14. Nxf5 gxf5 15. g4 e6 16. Qd2 Re8 17. Qg2 Kf8 18. h4 Ke7 19. h5 h6 20. Qd2 Qb6 21. c4 Nd7 22. Nd3 dxc4 23. Nb4 Nf6 24. a3 Nd5 25. Nxd5+ cxd5 26. gxf5 exf5 27. Rg1 Rg8 28. Qf2 Rae8 29. Rb1 Kd7 30. Qc2 Qe6 31. Qa4+ b5 32. Qa5 Qc6 33. Kf2 Re6 34. Rg3 Ke7 35. Rbg1 Bxd4 36. exd4 1-0

[Event "24th Klatovy B 2016"]
[Site "Klatovy CZE"]
[Date "2016.07.05"]
[Round "4.43"]
[White "Sedlak, Jakub"]
[Black "Kadlec, Rudolf"]
[Result "1-0"]
[WhiteElo "1457"]
[BlackElo "1397"]
[PlyCount "45"]
[EventDate "2016.07.02"]
[EventType "swiss"]
[EventRounds "9"]
[EventCountry "CZE"]

1. e4 d5 2. exd5 Nf6 3. Bb5+ Bd7 4. Bc4 b5 5. Bb3 Bg4 6. f3 Bc8 7. Nc3 a6 8. a4 Bb7 9. Nge2 Bxd5 10. Nxd5 Nxd5 11. Bxd5 Qxd5 12. O-O e5 13. d4 Nc6 14. c3 Be7 15. dxe5 Qxd1 16. Rxd1 Nxe5 17. Bf4 Bd6 18. Rd5 Rd8 19. Bxe5 f6 20. Bxd6 cxd6 21. Rad1 Ke7 22. Nd4 Rd7 23. Nf5+ 1-0

[Event "24th Klatovy B 2016"]
[Site "Klatovy CZE"]
[Date "2016.07.05"]
[Round "4.44"]
[White "Vanek, Jiri1"]
[Black "Ret, Adam Josef"]
[Result "0-1"]
[WhiteElo "1350"]
[BlackElo "1427"]
[PlyCount "54"]
[EventDate "2016.07.02"]
[EventType "swiss"]
[EventRounds "9"]
[EventCountry "CZE"]

1. e4 e6 2. d4 d5 3. Nc3 dxe4 4. Nxe4 Nd7 5. Nf3 Ngf6 6. Nxf6+ Nxf6 7. Bd3 Bd6 8. O-O O-O 9. Re1 b6 10. Ne5 Bb7 11. Bg5 Be7 12. c3 Qd5 13. Nf3 Qd7 14. Bxf6 Bxf6 15. Ne5 Bxe5 16. Rxe5 f5 17. Qe2 Rf6 18. Re1 Qc6 19. d5 exd5 20. Rxd5 a6 21. Bc4 Kh8 22. f3 b5 23. Qe7 Qb6+ 24. Kh1 Bxd5 25. Bxd5 Raf8 26. Re6 Qb8 27. Re1 Qd8 0-1

[Event "24th Klatovy B 2016"]
[Site "Klatovy CZE"]
[Date "2016.07.05"]
[Round "4.46"]
[White "Rosenbaumova, Lea"]
[Black "Krejbich, Lukas"]
[Result "1-0"]
[WhiteElo "1351"]
[BlackElo "1063"]
[PlyCount "61"]
[EventDate "2016.07.02"]
[EventType "swiss"]
[EventRounds "9"]
[EventCountry "CZE"]

1. e4 e5 2. Nf3 d6 3. d4 Qe7 4. Nc3 c6 5. Bc4 Nf6 6. Bg5 Nbd7 7. O-O g6 8. Qd3 Bg7 9. Rad1 O-O 10. dxe5 dxe5 11. Bb3 Nc5 12. Qe3 Be6 13. Bxe6 fxe6 14. Nxe5 Na6 15. Nd7 Rf7 16. Nxf6+ Bxf6 17. Bxf6 Rxf6 18. e5 Rff8 19. Rd6 Rad8 20. Rfd1 c5 21. a3 b6 22. Qd3 Qf7 23. Rxd8 Qxf2+ 24. Kh1 Qf7 25. Rxf8+ Kxf8 26. Qxa6 Kg7 27. Qc8 Kh6 28. Kg1 Qf5 29. Rf1 Qxc2 30. Qf8+ Kg5 31. Qf4+ 1-0

[Event "24th Klatovy B 2016"]
[Site "Klatovy CZE"]
[Date "2016.07.05"]
[Round "4.47"]
[White "Matejka, Jaromir"]
[Black "Rimovsky, Pavel"]
[Result "0-1"]
[WhiteElo "1000"]
[BlackElo "1593"]
[PlyCount "85"]
[EventDate "2016.07.02"]
[EventType "swiss"]
[EventRounds "9"]
[EventCountry "CZE"]

1. e4 d6 2. d4 Nd7 3. Nf3 g6 4. Be2 Bg7 5. O-O Ngf6 6. e5 Nd5 7. c4 N5b6 8. Be3 dxe5 9. dxe5 Nxe5 10. Qxd8+ Kxd8 11. Rd1+ Nbd7 12. Nxe5 Bxe5 13. Bd4 Ke8 14. Bxe5 Nxe5 15. f4 Nc6 16. Nc3 Be6 17. b3 a6 18. Bf3 Rd8 19. Ne4 Nd4 20. Kf2 Nxf3 21. Kxf3 h5 22. h3 Bc8 23. Ng5 Bd7 24. Ke3 f6 25. Nf3 Kf7 26. Rd2 Bc6 27. Rad1 Rxd2 28. Rxd2 Bxf3 29. Kxf3 Re8 30. h4 e6 31. Ke4 Ke7 32. g3 Rd8 33. Re2 c5 34. Re3 Rd4+ 35. Kf3 Kd6 36. a3 b6 37. Rc3 e5 38. fxe5+ fxe5 39. Re3 Ke6 40. Ke2 e4 41. Rc3 Ke5 42. Kf2 Kf5 43. Ke2 0-1

[Event "24th Klatovy B 2016"]
[Site "Klatovy CZE"]
[Date "2016.07.05"]
[Round "4.48"]
[White "Kudrna, Miroslav"]
[Black "Skopkova, Marcela"]
[Result "1-0"]
[WhiteElo "1580"]
[BlackElo "1166"]
[PlyCount "59"]
[EventDate "2016.07.02"]
[EventType "swiss"]
[EventRounds "9"]
[EventCountry "CZE"]

1. e4 e5 2. Nf3 d6 3. d4 exd4 4. Nxd4 Bd7 5. Nc3 a6 6. Bd3 Nc6 7. Nb3 Be7 8. Bf4 Bg5 9. Qd2 Bxf4 10. Qxf4 Qf6 11. Nd5 Qxf4 12. Nxf4 Nf6 13. O-O-O b5 14. Nd5 Nxd5 15. exd5 Nb4 16. Rhe1+ Kd8 17. a3 Nxd3+ 18. Rxd3 Re8 19. Rde3 a5 20. c3 f6 21. Nd4 Rxe3 22. Rxe3 Ra6 23. g3 c5 24. dxc6 Bxc6 25. Ne6+ Kd7 26. Nxg7 Rb6 27. Nf5 h5 28. h4 Rb8 29. Re7+ Kd8 30. Re6 1-0

[Event "24th Klatovy B 2016"]
[Site "Klatovy CZE"]
[Date "2016.07.05"]
[Round "4.49"]
[White "Skalicky, Jindrich"]
[Black "Celovsky, Jan"]
[Result "0-1"]
[WhiteElo "1311"]
[BlackElo "1281"]
[PlyCount "84"]
[EventDate "2016.07.02"]
[EventType "swiss"]
[EventRounds "9"]
[EventCountry "CZE"]

1. e4 e5 2. Nf3 Nc6 3. Bb5 a6 4. Ba4 Nf6 5. O-O Be7 6. Re1 b5 7. Bb3 d6 8. c3 Bg4 9. d4 O-O 10. Nbd2 exd4 11. h3 Bh5 12. g4 Bg6 13. cxd4 d5 14. Bc2 Bb4 15. e5 Nd7 16. Bxg6 fxg6 17. Qc2 Na7 18. e6 Nf6 19. a3 Bd6 20. Ng5 Qe7 21. Ndf3 c5 22. Nf7 Rac8 23. Nxd6 Qxd6 24. e7 Rfe8 25. dxc5 Rxc5 26. Qe2 Ne4 27. Ng5 Rxe7 28. Nxe4 Rxe4 29. Be3 Rc7 30. Rac1 d4 31. Bf4 Qxf4 32. Qxe4 Qxe4 33. Rxe4 Rxc1+ 34. Kg2 Nc6 35. Re8+ Kf7 36. Rc8 d3 37. h4 d2 38. a4 d1=Q 39. axb5 Qg1+ 40. Kf3 Rc3+ 41. Ke4 Qe1+ 42. Kd5 Qe6# 0-1

[Event "24th Klatovy B 2016"]
[Site "Klatovy CZE"]
[Date "2016.07.05"]
[Round "4.50"]
[White "Janous, Marek"]
[Black "Chmelik, Ladislav"]
[Result "0-1"]
[WhiteElo "1200"]
[BlackElo "1762"]
[PlyCount "108"]
[EventDate "2016.07.02"]
[EventType "swiss"]
[EventRounds "9"]
[EventCountry "CZE"]

1. e4 c5 2. Nf3 Nc6 3. d4 cxd4 4. Nxd4 d6 5. Be3 Nf6 6. Nc3 g6 7. Qd2 Bg7 8. O-O-O O-O 9. f3 Re8 10. g4 Nd7 11. g5 Nde5 12. f4 Nxd4 13. Bxd4 Nf3 14. Qe3 Nxd4 15. Rxd4 Bxd4 16. Qxd4 e5 17. fxe5 Qxg5+ 18. Qd2 Qxd2+ 19. Kxd2 Rxe5 20. Nb5 Rxe4 21. Bd3 Re7 22. Nxd6 Be6 23. Re1 Rd7 24. Nb5 a6 25. Nc3 Bc4 26. b3 Bxd3 27. cxd3 Rad8 28. Re3 f5 29. Ne2 Kf7 30. d4 Kf6 31. h4 h6 32. Rd3 g5 33. hxg5+ hxg5 34. Ke1 f4 35. Kf2 Kf5 36. a4 Re8 37. Rd2 Re3 38. b4 Rb3 39. b5 axb5 40. axb5 Rxb5 41. Nc3 Rb3 42. Na4 Rb4 43. Nc5 Rbxd4 44. Rb2 Rd2+ 45. Rxd2 Rxd2+ 46. Ke1 Rd5 47. Nxb7 Ke4 48. Kf2 g4 49. Kg2 Ke3 50. Kf1 f3 51. Ke1 g3 52. Nc5 Rxc5 53. Kd1 Rc8 54. Ke1 Rc1# 0-1

[Event "24th Klatovy B 2016"]
[Site "Klatovy CZE"]
[Date "2016.07.05"]
[Round "4.51"]
[White "Psaila, Ocean"]
[Black "Vasko, Pavel"]
[Result "0-1"]
[WhiteElo "1046"]
[BlackElo "1619"]
[PlyCount "64"]
[EventDate "2016.07.02"]
[EventType "swiss"]
[EventRounds "9"]
[EventCountry "CZE"]

1. d4 Nf6 2. Nf3 e6 3. e3 d5 4. Be2 Bd6 5. O-O O-O 6. c4 c6 7. Nc3 b6 8. b3 Bb7 9. Bb2 Nbd7 10. Qd2 Rc8 11. Rfd1 h6 12. Rac1 Qe7 13. cxd5 cxd5 14. Nb5 Bb8 15. Rc2 Rxc2 16. Qxc2 Rc8 17. Qd2 a6 18. Nc3 Qd6 19. Rc1 b5 20. Nb1 Ne4 21. Rxc8+ Bxc8 22. Qc2 Bb7 23. Bd3 Nef6 24. Ne5 Nf8 25. Kf1 N8d7 26. Ke2 g5 27. Nxd7 Nxd7 28. Bh7+ Kg7 29. Bd3 Qxh2 30. g3 Bxg3 31. Bh7 Qxf2+ 32. Kd1 Qe1# 0-1

[Event "24th Klatovy B 2016"]
[Site "Klatovy CZE"]
[Date "2016.07.05"]
[Round "4.52"]
[White "Barta, Daniel"]
[Black "Kopal, Vladimir"]
[Result "0-1"]
[WhiteElo "1115"]
[BlackElo "1550"]
[PlyCount "96"]
[EventDate "2016.07.02"]
[EventType "swiss"]
[EventRounds "9"]
[EventCountry "CZE"]

1. e4 e5 2. Nf3 Nc6 3. Nc3 Nf6 4. d4 exd4 5. Nxd4 Bb4 6. Nxc6 bxc6 7. Bd3 d5 8. e5 Ng4 9. a3 Ba5 10. h3 Nh6 11. O-O Nf5 12. Re1 Bb6 13. Na4 Bxf2+ 14. Kxf2 Qh4+ 15. Kf1 Qxa4 16. c3 Qh4 17. Bxf5 Bxf5 18. Qf3 Qc4+ 19. Kg1 Be4 20. Qg4 Qc5+ 21. Be3 Qe7 22. Qxg7 O-O-O 23. Qf6 Qe8 24. Bc5 Rg8 25. Re2 Rg6 26. Qf4 Qe6 27. g4 h5 28. g5 Qxh3 29. Rh2 Qg4+ 30. Qxg4+ hxg4 31. Be7 Re8 32. Bf6 Kd7 33. Rh7 Ke6 34. Rh6 Rb8 35. b4 c5 36. Rf1 cxb4 37. axb4 a5 38. bxa5 Rb3 39. a6 Ra3 40. Re1 Rxa6 41. c4 Ra2 42. cxd5+ Bxd5 43. Rc1 c6 44. Rb1 g3 45. Rf1 Rg2+ 46. Kh1 Rh2+ 47. Kg1 Rgxh6 48. gxh6 Rxh6 0-1

[Event "24th Klatovy B 2016"]
[Site "Klatovy CZE"]
[Date "2016.07.05"]
[Round "4.53"]
[White "Velkoborsky, Jan"]
[Black "Vavrinkova, Marie"]
[Result "0-1"]
[WhiteElo "1100"]
[BlackElo "1259"]
[PlyCount "92"]
[EventDate "2016.07.02"]
[EventType "swiss"]
[EventRounds "9"]
[EventCountry "CZE"]

1. e4 e5 2. Nf3 Nc6 3. Bc4 Be7 4. Nc3 Nf6 5. Ng5 O-O 6. O-O h6 7. Nf3 d6 8. h3 b6 9. d3 Bb7 10. Be3 Qd7 11. Nh4 Nxe4 12. Nxe4 Bxh4 13. Qe2 d5 14. Nc5 bxc5 15. Bxc5 Rfe8 16. Bb5 a6 17. Bxc6 Bxc6 18. Rae1 Rab8 19. b3 Be7 20. Bxe7 Qxe7 21. d4 e4 22. c4 dxc4 23. bxc4 Qa3 24. d5 Ba4 25. Kh1 Qd3 26. Qxd3 exd3 27. Rxe8+ Rxe8 28. c5 d2 29. c6 Re1 30. Rxe1 dxe1=Q+ 31. Kh2 Kh7 32. a3 Bxc6 33. dxc6 Kg6 34. g4 Qxf2+ 35. Kh1 Qf3+ 36. Kh2 Qxc6 37. a4 Kf6 38. a5 Ke5 39. g5 Kf4 40. gxh6 gxh6 41. h4 Qc3 42. h5 Kg4 43. Kg2 Qc2+ 44. Kf1 Kg3 45. Ke1 Kf3 46. Kf1 Qc1# 0-1

[Event "24th Klatovy B 2016"]
[Site "Klatovy CZE"]
[Date "2016.07.05"]
[Round "4.54"]
[White "Severin, Alois"]
[Black "Velkoborsky, Tadeas"]
[Result "1-0"]
[WhiteElo "1240"]
[BlackElo "1100"]
[PlyCount "89"]
[EventDate "2016.07.02"]
[EventType "swiss"]
[EventRounds "9"]
[EventCountry "CZE"]

1. e4 e5 2. Nf3 Nc6 3. Nc3 Bc5 4. Bc4 Nf6 5. d4 exd4 6. Nxd4 Bxd4 7. Bg5 O-O 8. O-O Bxc3 9. bxc3 h6 10. Bh4 g5 11. Bg3 Nxe4 12. Qd3 Nf6 13. Rfe1 Ng4 14. Qe4 d6 15. Bd3 Nf6 16. Qc4 Be6 17. Qb5 a6 18. Qxb7 Bd5 19. c4 Nd4 20. Qb2 Nxc2 21. Bxc2 Bxc4 22. Qc3 Bd5 23. Re3 Bxg2 24. Kxg2 Nd5 25. Qd3 Nxe3+ 26. fxe3 f5 27. e4 Qf6 28. Rf1 Rae8 29. Bb3+ Kh8 30. Rxf5 Qb2+ 31. Bc2 Rxf5 32. exf5 Qxa2 33. Qc3+ Re5 34. Bxe5+ dxe5 35. Qxe5+ Kg8 36. Qe8+ Kg7 37. Qg6+ Kh8 38. f6 Qd5+ 39. Be4 Qd2+ 40. Kf3 Qf4+ 41. Ke2 Qxh2+ 42. Kd3 Qd6+ 43. Kc4 Qe6+ 44. Bd5 Qd7 45. Qg8# 1-0

[Event "24th Klatovy B 2016"]
[Site "Klatovy CZE"]
[Date "2016.07.06"]
[Round "5.1"]
[White "Kotva, Milan"]
[Black "Perik, Alois"]
[Result "1/2-1/2"]
[WhiteElo "1998"]
[BlackElo "1807"]
[PlyCount "74"]
[EventDate "2016.07.02"]
[EventType "swiss"]
[EventRounds "9"]
[EventCountry "CZE"]

1. e4 c6 2. d4 d5 3. exd5 cxd5 4. Bd3 Nc6 5. c3 Nf6 6. Nf3 Bg4 7. Nbd2 e6 8. O-O Bd6 9. h3 Bh5 10. Re1 Qc7 11. b4 a6 12. Rb1 Bg6 13. Bxg6 hxg6 14. a4 O-O 15. b5 axb5 16. axb5 Na5 17. Re3 b6 18. Ne5 Nd7 19. f4 Be7 20. Qe1 Nxe5 21. fxe5 Nc4 22. Rf3 Nxd2 23. Bxd2 Ra2 24. Qe3 Qa7 25. Qd3 Ra1 26. Rxa1 Qxa1+ 27. Rf1 Qa4 28. Rb1 Ra8 29. Qf1 Qc2 30. Qc1 Qd3 31. Qb2 Bh4 32. Rf1 Qc4 33. Ra1 Rxa1+ 34. Qxa1 Qxb5 35. Be1 Bxe1 36. Qxe1 Qd3 37. Qa1 Qe3+ 1/2-1/2

[Event "24th Klatovy B 2016"]
[Site "Klatovy CZE"]
[Date "2016.07.06"]
[Round "5.2"]
[White "Jirasek, Jiri"]
[Black "Kovar, Petr2"]
[Result "1/2-1/2"]
[WhiteElo "1881"]
[BlackElo "1980"]
[PlyCount "38"]
[EventDate "2016.07.02"]
[EventType "swiss"]
[EventRounds "9"]
[EventCountry "CZE"]

1. d4 Nf6 2. c4 g6 3. Nc3 Bg7 4. e4 d6 5. f3 c6 6. Be3 a6 7. Qd2 b5 8. Rc1 O-O 9. cxb5 cxb5 10. a3 Nbd7 11. Nge2 Nb6 12. b3 d5 13. e5 Ne8 14. Nf4 f6 15. exf6 exf6 16. Bd3 Qd6 17. O-O Ra7 18. Bxb5 Nc7 19. Bd3 Qxa3 1/2-1/2

[Event "24th Klatovy B 2016"]
[Site "Klatovy CZE"]
[Date "2016.07.06"]
[Round "5.3"]
[White "Kastner, Jan"]
[Black "Zednik, Zdenek"]
[Result "1/2-1/2"]
[WhiteElo "1875"]
[BlackElo "1966"]
[PlyCount "26"]
[EventDate "2016.07.02"]
[EventType "swiss"]
[EventRounds "9"]
[EventCountry "CZE"]

1. d4 Nf6 2. Nf3 e6 3. Bg5 c5 4. c3 h6 5. Bxf6 Qxf6 6. e3 b6 7. Nbd2 cxd4 8. cxd4 Bb7 9. a3 Nc6 10. Qa4 Be7 11. Ba6 Bxa6 12. Qxa6 O-O 13. O-O d5 1/2-1/2

[Event "24th Klatovy B 2016"]
[Site "Klatovy CZE"]
[Date "2016.07.06"]
[Round "5.4"]
[White "Svec, Vitezslav"]
[Black "Lener, Jaroslav 1975"]
[Result "1-0"]
[WhiteElo "1687"]
[BlackElo "1820"]
[PlyCount "89"]
[EventDate "2016.07.02"]
[EventType "swiss"]
[EventRounds "9"]
[EventCountry "CZE"]

1. d4 Nf6 2. Bf4 d6 3. Nf3 Bg4 4. e3 Nh5 5. h3 Bc8 6. Bh2 g6 7. Be2 Bg7 8. O-O f5 9. Nbd2 Nf6 10. Bd3 Nc6 11. c3 d5 12. Ne5 Nxe5 13. Bxe5 O-O 14. f3 c6 15. e4 Nh5 16. Bh2 fxe4 17. fxe4 Rxf1+ 18. Qxf1 Bh6 19. Qf2 Qb6 20. Nb3 Be6 21. Qc2 dxe4 22. Bxe4 Bxb3 23. axb3 c5 24. Bxg6 Qxg6 25. Qe2 cxd4 26. Qc4+ Qf7 27. Qxd4 Bg7 28. Be5 a6 29. Rf1 Bxe5 30. Qxe5 Nf6 31. c4 Rf8 32. Re1 Nd7 33. Qg5+ Kh8 34. Rxe7 Qf6 35. Qxf6+ Nxf6 36. Rxb7 Ra8 37. b4 Rc8 38. c5 Ne4 39. Rb6 a5 40. bxa5 Nxc5 41. b4 Na4 42. Rb7 Rc1+ 43. Kh2 Rc8 44. a6 Nc3 45. a7 1-0

[Event "24th Klatovy B 2016"]
[Site "Klatovy CZE"]
[Date "2016.07.06"]
[Round "5.5"]
[White "Macho, Miloslav"]
[Black "Cyron, Karel"]
[Result "1/2-1/2"]
[WhiteElo "1675"]
[BlackElo "1802"]
[PlyCount "47"]
[EventDate "2016.07.02"]
[EventType "swiss"]
[EventRounds "9"]
[EventCountry "CZE"]

1. e4 Nf6 2. e5 Nd5 3. c4 Nb6 4. d4 d6 5. f4 dxe5 6. fxe5 Nc6 7. Nf3 Bf5 8. g3 e6 9. Be2 Be7 10. O-O O-O 11. Nc3 f6 12. Be3 a5 13. Nb5 a4 14. Rc1 Na5 15. Qe1 Nb3 16. Rc3 c6 17. Nd6 fxe5 18. dxe5 Bxd6 19. exd6 Nd7 20. Bd3 e5 21. Bc2 Bxc2 22. Rxc2 Qf6 23. c5 Qf5 24. Re2 1/2-1/2

[Event "24th Klatovy B 2016"]
[Site "Klatovy CZE"]
[Date "2016.07.06"]
[Round "5.6"]
[White "Gorbunov, Artemiy"]
[Black "Sprenar, Petr"]
[Result "1-0"]
[WhiteElo "1671"]
[BlackElo "1798"]
[PlyCount "37"]
[EventDate "2016.07.02"]
[EventType "swiss"]
[EventRounds "9"]
[EventCountry "CZE"]

1. e4 c5 2. Nf3 d6 3. Bb5+ Nd7 4. d4 a6 5. Bxd7+ Bxd7 6. dxc5 Qa5+ 7. Nc3 Qxc5 8. Be3 Qa5 9. O-O e6 10. Qd2 Nf6 11. Bg5 Rd8 12. Bxf6 gxf6 13. Qf4 Ke7 14. Rad1 Bc8 15. Rfe1 h5 16. Nd5+ exd5 17. exd5+ Kd7 18. Qxf6 Rh7 19. Qf5+ 1-0

[Event "24th Klatovy B 2016"]
[Site "Klatovy CZE"]
[Date "2016.07.06"]
[Round "5.7"]
[White "Leseticky, Vladimir"]
[Black "Berka, Lubos"]
[Result "1/2-1/2"]
[WhiteElo "1665"]
[BlackElo "1787"]
[PlyCount "38"]
[EventDate "2016.07.02"]
[EventType "swiss"]
[EventRounds "9"]
[EventCountry "CZE"]

1. e4 d6 2. Nf3 Nf6 3. Nc3 g6 4. d3 Bg7 5. Be2 O-O 6. Bd2 e5 7. O-O Nc6 8. Bg5 Ne7 9. Rb1 Nh5 10. Nd5 f6 11. Nxe7+ Qxe7 12. Bc1 Nf4 13. Bxf4 exf4 14. c3 f5 15. Qb3+ Kh8 16. Rfe1 fxe4 17. dxe4 c5 18. Rbd1 g5 19. h3 Be6 1/2-1/2